Normal view
MARC view
Entry Personal Name
001 - CONTROL NUMBER
- control field: 87414
003 - CONTROL NUMBER IDENTIFIER
- control field: dpl
005 - DATE AND TIME OF LATEST TRANSACTION
- control field: 20260218160438.0
008 - FIXED-LENGTH DATA ELEMENTS
- fixed length control field: 260218|| aca||aabn | a|a d
040 ## - CATALOGING SOURCE
- Original cataloging agency: dpl
- Transcribing agency: dpl
100 ## - HEADING--PERSONAL NAME
- Personal name: कुलश्रेष्ठ, मनीषा
670 ## - SOURCE DATA FOUND
- Source citation: Work cat.: (dpl)214692: कुलश्रेष्ठ, मनीषा , किनाया:, 2026
